00357nam a2200145Ia 45000030006000000080041000060400015000471000020000622450043000822500006001252600043001313000006001745460014001800050017001940STCL150530s9999 xx 000 0 und d aSTCLcSTCL aPadmanabhan, T. aT.Padmanabhante Thiranjedutha Kathakal a1 bCurrent Book; Thrissurc1971aThrissur a0 aMalayalam20220125171654.0